Wojny Bliskiego Wschodu - Statystyki

Ogólne statystyki
  • Ten quiz został rozwiązany 7 razy
  • Średni wynik to 8 z 20
Statystyki odpowiedzi
Rok rozpoczęcia Uczestnicy Wojna % Poprawnych
1956 Izrael, Francja, UKvs Egipt Kryzys Sueski
100%
1967 Izraelvs Egipt, Syria, Irak, Jordania Wojna Sześciodniowa
80%
1970 Jordaniavs OWP Czarny Wrzesień
40%
2000 Izraelvs Palestyńczycy II Intifada Palestyńska
40%
1987 Izraelvs Palestyńczycy I Intifada Palestyńska
40%
2006 Izraelvs Hezbollah II Wojna Libańska
40%
1992 Talibowievs Sojusz Północny Wojna Domowa w Afganistanie
40%
2011(Arabska Wiosna) Narodowa Rada Tymczasowa,Al-Kaida, Ansar Asz Szari'a, NATO, Katar, Arabia Saudyjska, Jordania, ZEA vs Libijska Dżamahirijja Wojna Domowa w Libii
40%
2011(Arabska Wiosna) Syria ze wsparciem Rosji, Iranu, Iraku,Hezbollahu vs Syryjska Koalicja na Rzecz Opozycji, Wolna Armia Syrii, Rząd Ocalenia vs Rożawa vs Państwo Islamskie, Dżabhat An-Nursa, Syryjski Front Islamski, Ghuraba Asz-Szam, Armia Mudżahedinów, Bractwo Muzułmańskie i inne organizacjie dżihaddystyczne Wojna Domowa w Syrii
40%
1980 Irakvs Iran Wojna Iracko-Irańska
40%
1973 Izraelvs Egipt, Syria Wojna Jom Kippur
40%
1967 Izraelvs Egipt Wojna na Wyczerpanie
40%
2001 USA, NATO, ISAFvs Talibowie, Al-Kaida Wojna w Afganistanie
40%
2003 USA, koalicja ochotnikówvs Irak (Saddam Husajn), powstańcy Iraccy, Al-Kaida, ISIS II Wojna w Zatoce Perskiej
20%
1990 Międzynarodowa Koalicja(Lider: USA) vs Irak I Wojna w Zatoce Perskiej
20%
1975 Chrześcijanievs Muzłumanie vs Druzowie vs Palestyńczycy vs Izrael vs Syria Libańska Wojna Domowa
20%
2023 Izrael ze wsparciem USAvs Hamas, Hezbollah, Palestyński Islamski Dżihad, LFWP, DFWP, Ludowe Komitety Oporu, Brygady Męczenników Al-Aksa, Ruch Huti Wojna Izraela z Hamasem
20%
2025 Iranvs Izrael, USA Wojna Izraelsko-Irańska
20%
2014(Arabska Wiosna) Rząd Jemenu ze wsparciem Arabii Saudyjskiej, USA, UK
vs Ruch Huti ze wsparciem Iranu
Wojna w Jemenie
20%
2014 Międzynarodowa Koalicja, Irak, Syria,Kurdowie vs ISIS Wojna z ISIS
20%
Nie znaleziono quizów pasujących do podanych kryteriów
Rozkład punktacji
Procent ludzi z każdym wynikiem
Percentyl według liczby udzielonych odpowiedzi
Twoja historia wyników
Nie rozwiązałeś tego quizu